ANATOMY AND PHYSIOLOGY FOR HEALTH PROFESSIONS (Record no. 216514)

MARC details
000 -LEADER
fixed length control field 00462nam a22001457a 4500
008 - FIXED-LENGTH DATA ELEMENTS--GENERAL INFORMATION
fixed length control field 260203b |||||||| |||| 00| 0 eng d
050 ## - LIBRARY OF CONGRESS CALL NUMBER
Classification number QM 23.2 .C65 2011
100 ## - MAIN ENTRY--PERSONAL NAME
Personal name Bruce,J. Colbert , Jeff Ankney and Karen T.Lee
245 ## - TITLE STATEMENT
Title ANATOMY AND PHYSIOLOGY FOR HEALTH PROFESSIONS
Remainder of title ; An Interactive Journey
250 ## - EDITION STATEMENT
Edition statement 2nd Edition
260 ## - PUBLICATION, DISTRIBUTION, ETC.
Place of publication, distribution, etc. New Jersey
Name of publisher, distributor, etc. Pearson Education ,Inc.
Date of publication, distribution, etc. 2011
300 ## - PHYSICAL DESCRIPTION
Extent 513pages
942 ## - ADDED ENTRY ELEMENTS (KOHA)
Source of classification or shelving scheme Library of Congress Classification
Koha item type Long Loan Book
Holdings
Withdrawn status Lost status Source of classification or shelving scheme Damaged status Not for loan Collection Home library Current library Shelving location Date acquired Inventory number Total checkouts Barcode Date last seen Date last checked out Price effective from Koha item type
    Library of Congress Classification     Medicine Kisii University Library Kisii University Library On Display 02/03/2026 42948 1 033230 02/17/2026 02/03/2026 02/03/2026 Long Loan Book